000 00644nam a22001937a 4500
005 20250610154332.0
010 _aENG-145289
020 _a9789385506154
_c198.00
035 _aEN-128821
037 _bDBAD
082 _a001.422
_21
100 _aNarayanan, Lalitha
_981860
245 _aA Textbook in Statistics:
_bPaper-II Probability Distributions/
_cLalitha Narayanan
250 _a1
260 _bProfessional Books Publishers
_c2017
_aHyderabad
270 _a3-5-315, Street no 7, Vittalwadi, Narayanguda
_bHyderabad
_e500029
_k040-23227399
_k9642665303
300 c _a289p.
_c24cm(pb)
942 _2ddc
_cEN
_mNAR
_h001.422
999 _c211711
_d211711